|
|
|
|
| LEADER |
02879nam a2200637 i 4500 |
| 001 |
nkc20172867821 |
| 003 |
CZ PrNK |
| 005 |
20170804124136.0 |
| 007 |
ta |
| 008 |
170112s2017 xr a f m 000 0 cze |
| 015 |
|
|
|a cnb002867821
|
| 020 |
|
|
|a 978-80-248-4007-9
|q (brožováno) :
|c neprodejné
|
| 035 |
|
|
|a (OCoLC)1003288726
|
| 040 |
|
|
|a OLA001
|b cze
|e rda
|
| 041 |
0 |
|
|a cze
|b eng
|
| 072 |
|
7 |
|a 621
|x Strojírenství
|2 Konspekt
|9 19
|
| 080 |
|
|
|a 621.865.8
|2 MRF
|
| 080 |
|
|
|a 621.7.067
|2 MRF
|
| 080 |
|
|
|a 007.52
|2 MRF
|
| 080 |
|
|
|a 615.47+616-7
|2 MRF
|
| 080 |
|
|
|a (043.3)
|2 MRF
|
| 080 |
|
|
|a (048.3)
|2 MRF
|
| 100 |
1 |
|
|a Kopec, Petr,
|d 1985-
|7 ola2014836058
|4 dis
|
| 245 |
1 |
0 |
|a Inovace a vývoj periferních zařízení robotů a manipulátorů pro aplikace v oblasti bezpečnosti a ochrany obyvatel a záchranných systémů =
|b Innovation and development of peripheral devices for robots and manipulators for applications in the field of safety and protection of persons and in rescue system /
|c Petr Kopec
|
| 246 |
3 |
1 |
|a Innovation and development of peripheral devices for robots and manipulators for applications in the field of safety and protection of persons and in rescue system
|
| 250 |
|
|
|a 1. vydání
|
| 264 |
|
1 |
|a Ostrava :
|b VŠB - Technická univerzita Ostrava,
|c 2017
|
| 300 |
|
|
|a 48 stran :
|b ilustrace (převážně barevné) ;
|c 21 cm
|
| 336 |
|
|
|a text
|b txt
|2 rdacontent
|
| 337 |
|
|
|a bez média
|b n
|2 rdamedia
|
| 338 |
|
|
|a svazek
|b nc
|2 rdacarrier
|
| 490 |
1 |
|
|a Vědecké spisy Fakulty strojní. Autoreferáty disertačních prací ;
|v sv. 307
|
| 500 |
|
|
|a Název z obálky
|
| 500 |
|
|
|a Autoreferát disertace (Ph.D.)--Vysoká škola báňská - Technická univerzita Ostrava, Fakulta strojní, katedra robotiky, 2017
|
| 500 |
|
|
|a 21 výtisků
|
| 504 |
|
|
|a Obsahuje bibliografii
|
| 546 |
|
|
|a Anglické resumé
|
| 650 |
0 |
7 |
|a mobilní roboty
|7 ph137306
|2 czenas
|
| 650 |
0 |
7 |
|a manipulátory
|7 ph735714
|2 czenas
|
| 650 |
0 |
7 |
|a robotika
|7 ph125173
|2 czenas
|
| 650 |
0 |
7 |
|a zdravotnická technika
|7 ph127565
|2 czenas
|
| 650 |
0 |
9 |
|a mobile robots
|2 eczenas
|
| 650 |
0 |
9 |
|a manipulators
|2 eczenas
|
| 650 |
0 |
9 |
|a robotics
|2 eczenas
|
| 650 |
0 |
9 |
|a health technology
|2 eczenas
|
| 655 |
|
7 |
|a disertace
|7 fd132024
|2 czenas
|
| 655 |
|
7 |
|a autoreferáty
|7 fd131857
|2 czenas
|
| 655 |
|
9 |
|a dissertations
|2 eczenas
|
| 655 |
|
9 |
|a autoabstracts
|2 eczenas
|
| 710 |
2 |
|
|a Vysoká škola báňská - Technická univerzita Ostrava.
|b Katedra robotiky
|7 mzk2017958147
|4 isb
|
| 810 |
2 |
|
|a Vysoká škola báňská - Technická univerzita Ostrava.
|b Strojní fakulta.
|t Vědecké spisy.
|p Autoreferáty disertačních prací
|0 s
|
| 910 |
2 |
|
|a BOA001
|b 2-1392.122
|
| 928 |
9 |
|
|a Vysoká škola báňská - Technická univerzita Ostrava
|
| 990 |
|
|
|a BK
|
| 995 |
|
|
|a 01
|
| 996 |
6 |
|
|b 2610713573
|c 2-1392.122
|l MZK
|r Sklad / do 1 hodiny
|n 1
|p p.v.
|w 001620140
|u 000010
|a 1
|e BOA001
|j MZK50
|s P
|